| 000 | 00000nam##2200000za#4500 |
| 001 | 9.572150 |
| 003 | CaOODSP |
| 005 | 20231208112823 |
| 007 | cr ||||||||||| |
| 008 | 150406|2009||||xxc|||||o f|0| 0 eng|d |
| 040 | |aCaOODSP|beng |
| 043 | |an-cn--- |
| 086 | 1 |aPS83-5/R193E-PDF |
| 110 | 1 |aCorrectional Service Canada. |bResearch Branch. |
| 245 | 10|aWaivers, postponements and withdrawals : |h[electronic resource]|boffenders, parole officers and national parole board perspectives / |cprepared by Tammy Cabana. |
| 260 | |bCorrectional Service Canada. |cMarch 2009. |
| 300 | |a1p. |
| 490 | 1 |aResearch at a glance|vR193 |
| 500 | |aFor the associated Research Report, please see catalogue number PS83-3/193E-PDF. |
| 504 | |aBibliography. |
| 590 | |a11-27-Supp|b2011-11-15 |
| 720 | 1 |aCabana, Tammy |
| 775 | 08|tRenonciations, reports et retraits : |w(CaOODSP)9.602562 |
| 830 | #0|aResearch at a glance (Correctional Service Canada)|vR193|w(CaOODSP)9.506649 |
| 856 | 40|ahttp://publications.gc.ca|qPDF|s94 KB|uhttps://publications.gc.ca/collections/collection_2011/scc-csc/PS83-5-R193-eng.pdf|yR193 |